| 000 | 01682cam a22004457a 4500 | ||
|---|---|---|---|
| 001 | 000091029 | ||
| 003 | CHAP | ||
| 005 | 20230531062625.0 | ||
| 008 | 030801d2002 mx r 00110 spa d | ||
| 010 | _a87498 | ||
| 011 | _a88470 | ||
| 020 | _a9688848727 | ||
| 035 | _a99015 | ||
| 040 | _cCHAP | ||
| 090 | _aFolleto 16636 | ||
| 100 | 0 | 0 |
_aFlores Valdez, Claudio Armando. _941768 |
| 245 | 1 | 0 |
_aProducción y comercialización de pitaya (Stenocereus sp.) en México / _cpor Claudio A. Flores Valdez. |
| 260 |
_aChapingo, Méx. : _bUACH. Centro de Investigaciones Económicas, Sociales y Tecnológicas de la Agroindustria y la Agricultura Mundial, _c2002. |
||
| 300 |
_a51 p. ; : _bcuadros ; gráfs. ; mapas. |
||
| 410 | 0 | 0 | _aUACH. CIESTAAM |
| 490 | 1 |
_aReporte de investigación _v; 63 |
|
| 590 |
_aBATCH-UPD _b10 _c20130110 _lUCH01 _h0946 |
||
| 590 |
_aBATCH-UPD _b10 _c20130410 _lUCH01 _h0601 |
||
| 590 |
_aBATCH-UPD _b10 _c20130914 _lUCH01 _h1420 |
||
| 590 |
_aCONVERSION _b10 _c20130109 _lUCH01 _h1349 |
||
| 590 |
_aE5995AHE _b05 _c20150216 _lUCH01 _h0854 |
||
| 590 |
_aE5995AHE _b05 _c20150216 _lUCH01 _h0855 |
||
| 590 |
_aE5995AHE _b05 _c20150216 _lUCH01 _h0902 |
||
| 650 | 1 | 4 |
_aStenocereus. _9109642 |
| 810 | 0 | 0 |
_aUACh. CIESTAAM _9115844 |
| 830 | 0 |
_aReporte de investigación _v; 63 _996000 |
|
| 901 | _aBK | ||
| 905 | _aAlejandra Carrasco M. | ||
| 942 | _cFOLL | ||
| 942 | _n0 | ||
| 949 |
_aFolleto 16636 _bBC _cFOLL _d33724002000975 _eTS1 _i99015 _si |
||
| 949 |
_aFolleto 16636 _bBC _cFOLL _d33724002001017 _eTS2 _fc.2 _i99015 _si |
||
| 949 |
_aFolleto 16636 _bBC _cFOLL _d33724002091496 _eTS2 _fc.3 _i99015 _si |
||
| 949 |
_aFolleto 16636 _bBC _cUACH _d33724002091504 _eUACH _fc.4 _i99015 _sb |
||
| 999 |
_c87498 _d87498 |
||